[Event "World ol U16 07th"]
[Site "Mersin"]
[Date "2008.08.24"]
[Round "10"]
[White "Asan, Elvan"]
[Black "Kafetzopoulos, Anastasios"]
[Result "0-1"]
[WhiteElo "1874"]
[BlackElo "2049"]
[PlyCount "88"]
[EventDate "2008.08.17"]
[EventType "team-swiss"]
[EventRounds "10"]
[EventCountry "TUR"]
[SourceTitle "CBM 126 Extra"]
[Source "ChessBase"]
[SourceDate "2008.11.05"]
[SourceVersion "1"]
[SourceVersionDate "2008.11.05"]
[SourceQuality "1"]

1. e4 c5 2. Nf3 d6 3. d4 cxd4 4. Qxd4 Nc6 5. Bb5 Bd7 6. Bxc6 Bxc6 7. Nc3 Nf6 8. Bg5 e6 9. 0-0-0 Be7 10. Rhe1 0-0 11. Kb1 h6 12. Be3 Ng4 13. h3 Nxe3 14. Qxe3 Qa5 15. Qd2 Qc5 16. Nd4 b5 17. f3 b4 18. Nce2 a5 19. Nxc6 Qxc6 20. Nd4 Qb6 21. Qe3 Rab8 22. g4 a4 23. Rd3 Rfc8 24. Red1 Rc5 25. f4 Qc7 26. Rc1 Rc8 27. Qd2 d5 28. e5 Rc4 29. Ne2 Qa7 30. b3 axb3 31. cxb3 Rxc1+ 32. Nxc1 Qg1 33. Qd1 Qg2 34. Qd2 Qe4 35. Qe3 Qh1 36. Qd2 Bh4 37. Re3 Qf1 38. Re2 Rxc1+ 39. Qxc1 Qxe2 40. Qc8+ Kh7 41. Qc5 Be1 42. Qc1 Qd3+ 43. Qc2 Qxc2+ 44. Kxc2 Bg3 0-1

[Event "World ol U16 07th"]
[Site "Mersin"]
[Date "2008.08.23"]
[Round "9"]
[White "Kafetzopoulos, Anastasios"]
[Black "Ynojosa Aponte, Felix Jose"]
[Result "0-1"]
[WhiteElo "2049"]
[BlackElo "2101"]
[PlyCount "72"]
[EventDate "2008.08.17"]
[EventType "team-swiss"]
[EventRounds "10"]
[EventCountry "TUR"]
[SourceTitle "CBM 126 Extra"]
[Source "ChessBase"]
[SourceDate "2008.11.05"]
[SourceVersion "1"]
[SourceVersionDate "2008.11.05"]
[SourceQuality "1"]

1. d4 Nf6 2. c4 c5 3. d5 b5 4. cxb5 a6 5. b6 d6 6. Nc3 Qxb6 7. Nf3 g6 8. e4 Bg7 9. Nd2 0-0 10. Be2 Qc7 11. Nc4 Nbd7 12. Bf4 Nb6 13. Ne3 Rd8 14. a4 e5 15. Bg5 h6 16. Bh4 g5 17. Bg3 a5 18. h4 Qe7 19. hxg5 hxg5 20. f3 Nh7 21. Qb3 Rb8 22. Nb5 Nf8 23. Bf2 Ng6 24. g3 Bd7 25. Bf1 Rb7 26. Bh3 Rdb8 27. Bxd7 Qxd7 28. Qc3 Nxa4 29. Rxa4 Rxb5 30. Rxa5 Rxb2 31. 0-0 R8b3 32. Qc4 Qh3 33. Ra8+ Kh7 34. Qc1 Re2 35. Nf5 Rxf3 36. Qxg5 Rfxf2 0-1

[Event "World ol U16 07th"]
[Site "Mersin"]
[Date "2008.08.23"]
[Round "8"]
[White "Sop, Selen"]
[Black "Kafetzopoulos, Anastasios"]
[Result "0-1"]
[WhiteElo "1870"]
[BlackElo "2049"]
[PlyCount "97"]
[EventDate "2008.08.17"]
[EventType "team-swiss"]
[EventRounds "10"]
[EventCountry "TUR"]
[SourceTitle "CBM 126 Extra"]
[Source "ChessBase"]
[SourceDate "2008.11.05"]
[SourceVersion "1"]
[SourceVersionDate "2008.11.05"]
[SourceQuality "1"]

1. c4 e5 2. g3 Nc6 3. Bg2 f5 4. e3 Nf6 5. Nc3 d5 6. cxd5 Nb4 7. d3 Nbxd5 8. Nxd5 Nxd5 9. a3 Nf6 10. Qc2 Bd6 11. Ne2 0-0 12. 0-0 Kh8 13. Bd2 c6 14. b4 Qe8 15. a4 Qh5 16. Rfe1 f4 17. exf4 Bh3 18. fxe5 Ng4 19. Nf4 Rxf4 20. Bxf4 Bxg2 21. Kxg2 Qxh2+ 22. Kf1 Bxb4 23. Reb1 a5 24. Rc1 Rd8 25. Rd1 Bc3 26. Ra2 Bd4 27. e6 Re8 28. Re1 Bxf2 29. Re4 h5 30. Qd2 Qg1+ 31. Ke2 Bxg3 32. Bxg3 Qxg3 33. e7 Qf2+ 34. Kd1 Qf1+ 35. Kc2 Qf7 36. Rb2 Rxe7 37. Rxe7 Qxe7 38. Qxa5 Ne3+ 39. Kb1 Nd5 40. Qa8+ Kh7 41. Rxb7 Qe1+ 42. Kc2 Qe2+ 43. Kc1 Qxd3 44. Qe8 Qc4+ 45. Kd2 Qc3+ 46. Ke2 Nf4+ 47. Kf2 Qd4+ 48. Kf3 Ng6 49. Qxc6 0-1

[Event "World ol U16 07th"]
[Site "Mersin"]
[Date "2008.08.22"]
[Round "7"]
[White "Kafetzopoulos, Anastasios"]
[Black "Komut, Kaan"]
[Result "0-1"]
[WhiteElo "2049"]
[BlackElo "1813"]
[PlyCount "52"]
[EventDate "2008.08.17"]
[EventType "team-swiss"]
[EventRounds "10"]
[EventCountry "TUR"]
[SourceTitle "CBM 126 Extra"]
[Source "ChessBase"]
[SourceDate "2008.11.05"]
[SourceVersion "1"]
[SourceVersionDate "2008.11.05"]
[SourceQuality "1"]

1. d4 d5 2. c4 c6 3. Nc3 Nf6 4. e3 e6 5. Nf3 Nbd7 6. Qc2 Bd6 7. g4 h6 8. Bd2 a6 9. Rg1 Qe7 10. 0-0-0 dxc4 11. Bxc4 b5 12. Bd3 Bb7 13. g5 hxg5 14. Rxg5 c5 15. Ne5 cxd4 16. exd4 b4 17. Nxd7 Nxd7 18. Rxg7 bxc3 19. Bxc3 Rc8 20. Kb1 Qf6 21. Rdg1 Rxh2 22. Qa4 Qxf2 23. Rf1 Rxc3 24. Qxd7+ Kxd7 25. Rxf7+ Qxf7 26. Rxf7+ Ke8 0-1

[Event "World ol U16 07th"]
[Site "Mersin"]
[Date "2008.08.20"]
[Round "6"]
[White "Kadric, Denis"]
[Black "Kafetzopoulos, Anastasios"]
[Result "1-0"]
[WhiteElo "1904"]
[BlackElo "2049"]
[PlyCount "119"]
[EventDate "2008.08.17"]
[EventType "team-swiss"]
[EventRounds "10"]
[EventCountry "TUR"]
[SourceTitle "CBM 126 Extra"]
[Source "ChessBase"]
[SourceDate "2008.11.05"]
[SourceVersion "1"]
[SourceVersionDate "2008.11.05"]
[SourceQuality "1"]

1. e4 c6 2. Nc3 d5 3. Nf3 Bg4 4. h3 Bxf3 5. Qxf3 Nf6 6. d3 e6 7. Bd2 Bb4 8. e5 Nfd7 9. Qg4 Bf8 10. f4 a6 11. 0-0-0 c5 12. g3 Nc6 13. Bg2 Nd4 14. Rde1 Nb6 15. Rhf1 g6 16. Qd1 Be7 17. Ne2 Qd7 18. Kb1 Rc8 19. Nxd4 cxd4 20. Bc1 Na4 21. Re2 Qb5 22. Ka1 Rc6 23. c4 dxc3 24. b3 Nc5 25. d4 Nd7 26. g4 0-0 27. f5 c2 28. Rxc2 Rfc8 29. Rxc6 Qxc6 30. Bb2 Bb4 31. Qf3 Bc3 32. Bxc3 Qxc3+ 33. Qxc3 Rxc3 34. fxe6 fxe6 35. Kb2 Rg3 36. Bxd5 Nf8 37. Bxb7 a5 38. Rf4 Rxh3 39. d5 Re3 40. d6 Rxe5 41. Rd4 Nd7 42. Bc6 Nb8 43. Bb7 Nd7 44. Bc8 Re2+ 45. Ka3 e5 46. Rd5 Nf6 47. d7 Nxd7 48. Bxd7 h5 49. gxh5 gxh5 50. Rxa5 Kf7 51. Ra6 Kg7 52. b4 h4 53. b5 h3 54. Bxh3 Re3+ 55. Ka4 Rxh3 56. b6 Rh8 57. b7 Rb8 58. Rb6 e4 59. Ka5 e3 60. Ka6 1-0

[Event "World ol U16 07th"]
[Site "Mersin"]
[Date "2008.08.18"]
[Round "2"]
[White "Baghdasaryan, Vahe"]
[Black "Kafetzopoulos, Anastasios"]
[Result "1-0"]
[WhiteElo "2193"]
[BlackElo "2049"]
[PlyCount "59"]
[EventDate "2008.08.17"]
[EventType "team-swiss"]
[EventRounds "10"]
[EventCountry "TUR"]
[SourceTitle "CBM 126 Extra"]
[Source "ChessBase"]
[SourceDate "2008.11.05"]
[SourceVersion "1"]
[SourceVersionDate "2008.11.05"]
[SourceQuality "1"]

1. e4 c6 2. d4 d5 3. exd5 cxd5 4. c4 Nf6 5. Nc3 Nc6 6. Nf3 Bg4 7. cxd5 Nxd5 8. Qb3 Bxf3 9. gxf3 e6 10. Qxb7 Nxd4 11. Bb5+ Nxb5 12. Qc6+ Ke7 13. Qxb5 Qd7 14. Nxd5+ Qxd5 15. Bg5+ f6 16. Qxd5 exd5 17. Be3 Ke6 18. 0-0-0 Rc8+ 19. Kb1 Bc5 20. Rhe1 Kd6 21. Bf4+ Kc6 22. Re6+ Kd7 23. Re2 Kc6 24. Rc2 Kb6 25. Rdc1 a5 26. Rxc5 Rxc5 27. Be3 Rhc8 28. a4 g6 29. Ka2 R8c6 30. Ka3 1-0

[Event "Porto Carras op 3rd"]
[Site "Porto Carras"]
[Date "2008.07.13"]
[Round "2"]
[White "Zubarev, Alexander2"]
[Black "Kafetzopoulos, Anastasios"]
[Result "1-0"]
[WhiteElo "2517"]
[BlackElo "2049"]
[PlyCount "85"]
[EventDate "2008.07.12"]
[EventType "swiss"]
[EventRounds "9"]
[EventCountry "GRE"]
[SourceTitle "CBM 125 Extra"]
[Source "ChessBase"]
[SourceDate "2008.09.01"]
[SourceVersion "1"]
[SourceVersionDate "2008.09.01"]
[SourceQuality "1"]

1. d4 Nf6 2. Nf3 e6 3. c4 c5 4. d5 b5 5. Bg5 exd5 6. cxd5 d6 7. e4 a6 8. a4 Be7 9. Bxf6 Bxf6 10. Qc2 Qa5+ 11. Nbd2 0-0 12. Be2 Bb7 13. 0-0 Qb4 14. axb5 axb5 15. Qb3 Ra4 16. Qxb4 Rxb4 17. Ra7 Bc8 18. b3 Bg4 19. Rb7 Bxf3 20. gxf3 Bg5 21. Rd1 Bxd2 22. Rxd2 Rxb3 23. Bxb5 c4 24. Rc2 c3 25. Kf1 g5 26. Ke2 Rc8 27. Kd3 Kg7 28. Bd7 Rxb7 29. Bxc8 Rc7 30. Rxc3 Rxc3+ 31. Kxc3 Kf6 32. Kc4 Ke7 33. Bf5 Na6 34. Bxh7 Kf6 35. Kb5 Nc5 36. f4 gxf4 37. h4 Nd3 38. Kc6 Nxf2 39. Kxd6 Ng4 40. Bf5 Ne5 41. Kc7 f3 42. d6 f2 43. Bh3 1-0

[Event "GRE-ch U16"]
[Site "Kallithea"]
[Date "2008.07.04"]
[Round "9"]
[White "Konstantinidis, Lazaros"]
[Black "Kafetzopoulos, Anastasios"]
[Result "1/2-1/2"]
[WhiteElo "1867"]
[BlackElo "2037"]
[PlyCount "174"]
[EventDate "2008.06.28"]
[EventType "swiss"]
[EventRounds "9"]
[EventCountry "GRE"]
[SourceTitle "EXT 2010"]
[Source "ChessBase"]
[SourceDate "2010.11.25"]
[SourceVersion "1"]
[SourceVersionDate "2010.11.25"]
[SourceQuality "1"]

1. d4 Nf6 2. c4 g6 3. Nc3 Bg7 4. e4 d6 5. Nge2 a6 6. Ng3 c6 7. Be2 b5 8. b3 Nbd7 9. Be3 0-0 10. 0-0 Bb7 11. f4 bxc4 12. bxc4 c5 13. d5 Nh5 14. Nxh5 Bxc3 15. Rb1 Rb8 16. Rb3 Qa5 17. Qd3 Bh8 18. e5 dxe5 19. f5 e4 20. Qc2 Ba8 21. Qxe4 Rxb3 22. axb3 gxh5 23. Bxh5 Nf6 24. Qxe7 Nxh5 25. Qg5+ Bg7 26. Qxh5 Qc3 27. Bxc5 Bd4+ 28. Bxd4 Qxd4+ 29. Kh1 Re8 30. Qh6 Qg7 31. Qxa6 Qc3 32. Qb5 Kf8 33. f6 Qd3 34. Qb4+ Kg8 35. Re1 Rf8 36. Ra1 Re8 37. Re1 Rf8 38. Qb6 Qc3 39. Rg1 Qe5 40. Qf2 Rb8 41. Re1 Qg5 42. h4 Qg4 43. Re4 Qg6 44. Qf3 Kh8 45. Re7 Rg8 46. h5 Qg5 47. Rxf7 Qh4+ 48. Kg1 Qe1+ 49. Qf1 Qe3+ 50. Qf2 Qxb3 51. Re7 Qxc4 52. f7 Qc1+ 53. Re1 Rxg2+ 54. Kxg2 Bxd5+ 55. Kh2 Qc7+ 56. Qg3 Qc2+ 57. Kh3 Qf5+ 58. Qg4 Qxg4+ 59. Kxg4 Bxf7 60. Kg5 Kg7 61. Rh1 Bc4 62. Rc1 Bf7 63. Rc6 Kh8 64. Kh6 Bd5 65. Rc8+ Bg8 66. Rc7 Bb3 67. Rxh7+ Kg8 68. Rb7 Bc2 69. Rb8+ Kf7 70. Kg5 Bd3 71. Kh6 Bc2 72. Rb7+ Kf8 73. Rg7 Bd3 74. Rg6 Be2 75. Rf6+ Kg8 76. Kg5 Bd3 77. Rd6 Bc2 78. Rd7 Kf8 79. h6 Kg8 80. Kf6 Bb1 81. h7+ Kh8 82. Rd8+ Kxh7 83. Rd1 Bc2 84. Rd2 Bb1 85. Kf7 Kh8 86. Rd8+ Kh7 87. Rd1 Ba2+ 1/2-1/2

[Event "EU School-ch U17"]
[Site "Kallithea"]
[Date "2008.04.30"]
[Round "3"]
[White "Saurabh, Sable"]
[Black "Kafetzopoulos, Anastasios"]
[Result "0-1"]
[WhiteElo "1465"]
[BlackElo "2037"]
[PlyCount "100"]
[EventDate "2008.04.29"]
[EventType "swiss"]
[EventRounds "9"]
[EventCountry "GRE"]
[SourceTitle "CBM 124 Extra"]
[Source "ChessBase"]
[SourceDate "2008.07.03"]
[SourceVersion "1"]
[SourceVersionDate "2008.07.03"]
[SourceQuality "1"]

1. d4 Nf6 2. Nf3 d6 3. e3 g6 4. Nbd2 Bg7 5. Be2 0-0 6. 0-0 Nbd7 7. c3 e5 8. dxe5 dxe5 9. e4 Qe7 10. Qc2 Rd8 11. Nb3 b6 12. Bg5 h6 13. Bxf6 Nxf6 14. Rfd1 Bb7 15. Nfd2 a5 16. a4 h5 17. f3 h4 18. Nf1 Nh5 19. Rxd8+ Rxd8 20. Rd1 Nf4 21. Rxd8+ Qxd8 22. Qd1 Qg5 23. Ne3 Bh6 24. Ng4 Kg7 25. Nc1 Nxg2 26. Kxg2 Qxc1 27. Nxe5 Qxb2 28. Qd3 Qd2 29. Qc4 Qg5+ 30. Ng4 Qc5 31. Nxh6 Qxc4 32. Bxc4 Kxh6 33. Bxf7 Bc6 34. Bb3 Kg5 35. e5 Kf4 36. Kh3 g5 37. e6 Bxf3 38. e7 Bh5 39. Bd5 Be8 40. Bg8 c6 41. c4 Ke5 42. Kg4 Kf6 43. Bh7 Bd7+ 44. Kh5 Kxe7 45. Kxg5 h3 46. Bf5 Bxf5 47. Kxf5 Kd6 48. Kg4 b5 49. cxb5 cxb5 50. axb5 a4 0-1

[Event "EU School-ch U17"]
[Site "Kallithea"]
[Date "2008.04.29"]
[Round "1"]
[White "Kafetzopoulos, Anastasios"]
[Black "Iordanidou, Zoi"]
[Result "1/2-1/2"]
[WhiteElo "2037"]
[BlackElo "2065"]
[PlyCount "72"]
[EventDate "2008.04.29"]
[EventType "swiss"]
[EventRounds "9"]
[EventCountry "GRE"]
[SourceTitle "CBM 124 Extra"]
[Source "ChessBase"]
[SourceDate "2008.07.03"]
[SourceVersion "1"]
[SourceVersionDate "2008.07.03"]
[SourceQuality "1"]

1. d4 Nf6 2. c4 c5 3. d5 b5 4. cxb5 a6 5. b6 d6 6. Nc3 Nbd7 7. e4 Nxb6 8. a4 a5 9. Bb5+ Bd7 10. Qe2 g6 11. e5 dxe5 12. Qxe5 Bxb5 13. Nxb5 Nbxd5 14. Bg5 Qb8 15. Bxf6 Nxf6 16. Nc7+ Kd7 17. Rd1+ Kc8 18. Rc1 Ra7 19. Ne2 Qb4+ 20. Nc3 Rxc7 21. 0-0 Bg7 22. Nb5 Ne8 23. Qd5 e6 24. Qa8+ Kd7 25. Rfd1+ Bd4 26. Rxd4+ cxd4 27. Nxc7 Qxb2 28. Qc6+ Ke7 29. Re1 Nxc7 30. Qxc7+ Kf8 31. Qd6+ Kg7 32. Qe5+ f6 33. Qc7+ Kh6 34. Qf4+ Kg7 35. Qc7+ Kh6 36. Qf4+ Kg7 1/2-1/2

[Event "GRE-ch U18"]
[Site "Kalamata"]
[Date "2008.01.02"]
[Round "1"]
[White "Kafetzopoulos, Anastasios"]
[Black "Gkoumas, Georgios"]
[Result "1/2-1/2"]
[WhiteElo "1695"]
[BlackElo "2040"]
[PlyCount "122"]
[EventDate "2008.01.02"]
[EventType "swiss"]
[EventRounds "9"]
[EventCountry "GRE"]
[SourceTitle "EXT 2010"]
[Source "ChessBase"]
[SourceDate "2010.11.25"]
[SourceVersion "1"]
[SourceVersionDate "2010.11.25"]
[SourceQuality "1"]

1. d4 Nf6 2. c4 e6 3. Nf3 d5 4. Nc3 Be7 5. Bg5 h6 6. Bh4 0-0 7. e3 b6 8. cxd5 exd5 9. Bd3 Bb7 10. 0-0 c5 11. Rc1 Nbd7 12. Qe2 Ne4 13. Bxe7 Qxe7 14. Rfd1 Nxc3 15. Rxc3 c4 16. Bb1 f5 17. Rcc1 Rae8 18. Qc2 b5 19. Kh1 g5 20. Rg1 Bc8 21. Rce1 Qf6 22. g4 Re7 23. gxf5 Rg7 24. e4 dxe4 25. Qxe4 Nb6 26. Qe5 Bxf5 27. Bxf5 Qxf5 28. Qxf5 Rxf5 29. Re8+ Kh7 30. Ne5 Nd5 31. f3 Rg8 32. Re6 Rf6 33. Rxf6 Nxf6 34. a4 a6 35. axb5 axb5 36. Ra1 Nd5 37. Ra5 c3 38. bxc3 Nxc3 39. Ra3 Ne2 40. d5 Rd8 41. Ra7+ Kg8 42. Nc6 Rd6 43. Rb7 Nc3 44. Nb4 Nxd5 45. Rxb5 Nf4 46. Kg1 Rd1+ 47. Kf2 Rd2+ 48. Ke3 Rb2 49. Rb8+ Kg7 50. Nc6 Rxh2 51. Ke4 Rc2 52. Ne5 Rc7 53. Rb6 Re7 54. Kf5 Nd5 55. Rg6+ Kh7 56. Rd6 Nf4 57. Rd7 Rxd7 58. Nxd7 Ng6 59. Nf6+ Kg7 60. Ne8+ Kf7 61. Nd6+ Kg7 1/2-1/2

[Event "Thessalias op 18th"]
[Site "Volos"]
[Date "2008.??.??"]
[Round "5"]
[White "Krommidas, Vasilios"]
[Black "Kafetzopoulos, Anastasios"]
[Result "0-1"]
[WhiteElo "1682"]
[BlackElo "2049"]
[PlyCount "88"]
[EventDate "2008.09.20"]
[EventType "swiss"]
[EventRounds "9"]
[EventCountry "GRE"]
[SourceTitle "EXT 2024"]
[Source "ChessBase"]
[SourceDate "2023.10.10"]
[SourceVersion "1"]
[SourceVersionDate "2023.10.10"]
[SourceQuality "1"]

1. e4 c5 2. Nf3 d6 3. Be2 Nf6 4. d3 Nc6 5. c3 e6 6. 0-0 Be7 7. Re1 0-0 8. Nbd2 d5 9. exd5 Qxd5 10. Nc4 b6 11. Bf1 Bb7 12. a4 Rfd8 13. h3 Ne4 14. Qc2 Ng5 15. Nxg5 Bxg5 16. Bxg5 Qxg5 17. Re3 Rd5 18. Rae1 Rad8 19. h4 Qxh4 20. Rh3 Qg4 21. Ne3 Qg6 22. Nxd5 Rxd5 23. Rg3 Qh6 24. d4 Rh5 25. f3 cxd4 26. Rh3 Rxh3 27. gxh3 Qf4 28. Bg2 Ne5 29. Rxe5 Qxe5 30. cxd4 Qxd4+ 31. Kh2 Qf4+ 32. Kg1 h5 33. Qd1 g6 34. Kf2 h4 35. Qd3 Bd5 36. Bf1 Qxa4 37. Be2 Qf4 38. Qa3 a5 39. Qc3 Qg3+ 40. Ke3 Qxh3 41. Qc8+ Kh7 42. Qf8 Qf5 43. Qe7 Qe5+ 44. Kf2 Qf4 0-1

[Event "Peiraias op"]
[Site "Peiraias"]
[Date "2007.09.??"]
[Round "?"]
[White "Balaskas, Panayotis"]
[Black "Kafetzopoulos, Anastasios"]
[Result "1/2-1/2"]
[WhiteElo "2145"]
[BlackElo "1902"]
[PlyCount "133"]
[EventDate "2007.09.01"]
[EventType "swiss"]
[EventRounds "7"]
[EventCountry "GRE"]
[SourceTitle "CBM 120 Extra"]
[Source "ChessBase"]
[SourceDate "2007.11.01"]
[SourceVersion "1"]
[SourceVersionDate "2007.11.01"]
[SourceQuality "1"]

1. e4 c5 2. Nf3 d6 3. d4 cxd4 4. Nxd4 Nf6 5. Nc3 Nc6 6. Be2 e5 7. Nb3 Be7 8. g4 h6 9. Rg1 Be6 10. f4 Nd7 11. f5 Bh4+ 12. Kf1 Bxb3 13. axb3 Qb6 14. Rg2 Nf6 15. Qxd6 Rd8 16. Qa3 a6 17. Bd3 Nb4 18. Qa4+ Kf8 19. Ke2 Nxg4 20. h3 Qd6 21. Rxg4 Nxd3 22. Be3 Nf4+ 23. Kf3 Qf6 24. Qb4+ Kg8 25. Qxb7 h5 26. Rxf4 exf4 27. Bxf4 g5 28. Rxa6 Qd4 29. Be3 g4+ 30. Ke2 Qe5 31. Nd5 Qh2+ 32. Kd3 Qxh3 33. Ra8 Qf1+ 34. Kc3 Rxa8 35. Qxa8+ Kh7 36. Qb7 Qe1+ 37. Kc4 Qe2+ 38. Kb4 Rf8 39. Qb6 g3 40. Qh6+ Kg8 41. f6 Rb8+ 42. Kc3 Rc8+ 43. Kd4 Qd1+ 44. Ke5 Re8+ 45. Ne7+ Rxe7+ 46. fxe7 Bxe7 47. Bd4 g2 48. Qe3 Qxc2 49. Kd5 Qc8 50. Qg3+ Kf8 51. Qg7+ Ke8 52. e5 Qb7+ 53. Kc4 Qc6+ 54. Kd3 Qf3+ 55. Kc4 Qc6+ 56. Kd3 Qb5+ 57. Kd2 Qb4+ 58. Kd3 Qxb3+ 59. Ke4 Qc2+ 60. Kd5 Qb3+ 61. Ke4 h4 62. Qg4 Qb7+ 63. Kd3 Qb5+ 64. Ke4 Qc6+ 65. Kd3 Qa6+ 66. Kc3 Qc6+ 67. Kd3 1/2-1/2

[Event "Crete Summer Cup 2nd"]
[Site "Agios Nikolaos"]
[Date "2007.07.21"]
[Round "1"]
[White "Bernal Moro, Luis Javier"]
[Black "Kafetzopoulos, Anastasios"]
[Result "1-0"]
[WhiteElo "2431"]
[BlackElo "1902"]
[PlyCount "35"]
[EventDate "2007.07.21"]
[EventType "swiss"]
[EventRounds "9"]
[EventCountry "GRE"]
[SourceTitle "CBM 119 Extra"]
[Source "ChessBase"]
[SourceDate "2007.09.04"]
[SourceVersion "1"]
[SourceVersionDate "2007.09.04"]
[SourceQuality "1"]

1. Nf3 Nf6 2. c4 g6 3. g3 Bg7 4. Bg2 0-0 5. 0-0 d6 6. d4 Nc6 7. d5 Na5 8. Nbd2 c5 9. e4 Nd7 10. Rb1 b5 11. cxb5 a6 12. a4 Qb6 13. b4 cxb4 14. Rxb4 Nc5 15. Bb2 Nd3 16. Bxg7 Nxb4 17. Bxf8 Kxf8 18. Qb1 1-0

[Event "Aegean op 30th"]
[Site "Aghios Kirykos"]
[Date "2007.07.11"]
[Round "5"]
[White "Kafetzopoulos, Anastasios"]
[Black "Lazaridis, Stavros"]
[Result "1/2-1/2"]
[WhiteElo "1902"]
[BlackElo "2187"]
[PlyCount "97"]
[EventDate "2007.07.07"]
[EventType "swiss"]
[EventRounds "9"]
[EventCountry "GRE"]
[SourceTitle "CBM 119 Extra"]
[Source "ChessBase"]
[SourceDate "2007.09.04"]
[SourceVersion "1"]
[SourceVersionDate "2007.09.04"]
[SourceQuality "1"]

1. d4 Nf6 2. c4 c5 3. d5 e6 4. Nc3 exd5 5. cxd5 d6 6. Nf3 g6 7. Nd2 Nbd7 8. e4 a6 9. a4 Bg7 10. Nc4 Nb6 11. Ne3 Bd7 12. Bd3 0-0 13. 0-0 Re8 14. a5 Nc8 15. f4 b5 16. axb6 Nxb6 17. Qf3 Bb5 18. Nxb5 axb5 19. Rxa8 Nxa8 20. Bd2 c4 21. Bc2 Qe7 22. Re1 Nxe4 23. Bxe4 Bxb2 24. Bc2 Qa7 25. Kf2 Bd4 26. Kf1 Qa2 27. Qd1 b4 28. Bb1 Qa6 29. Bc1 Bc3 30. Bd2 Bd4 31. Bc1 Bc5 32. Ng4 c3+ 33. Qd3 Rxe1+ 34. Kxe1 Qxd3 35. Bxd3 Nb6 36. Nf6+ Kf8 37. Ne4 Bd4 38. Nxd6 Nxd5 39. Bc4 Ne3 40. Bb3 Nxg2+ 41. Ke2 f5 42. Bd5 Nh4 43. Kd3 Bc5 44. Nb5 Kg7 45. Kc4 Bf8 46. Nd4 Kh6 47. Nc6 Kh5 48. h3 h6 49. Nxb4 1/2-1/2